Братья Карамазовы (Запись № 8637771)
[ простой вид ]
| 000 -МАРКЕР | |
|---|---|
| контрольное поле | 01060nam1a22002891 4500 |
| 001 - ИДЕНТИФИКАТОР ЗАПИСИ | |
| контрольное поле | rc\4407573 |
| 005 - ИДЕНТИФИКАТОР ВЕРСИИ | |
| контрольное поле | 20210922144427.0 |
| 021 ## - НОМЕР ГОСУДАРСТВЕННОЙ РЕГИСТРАЦИИ | |
| Код страны | Российская Федерация |
| Номер | [63-85955] |
| 021 ## - НОМЕР ГОСУДАРСТВЕННОЙ РЕГИСТРАЦИИ | |
| Код страны | Российская Федерация |
| Номер | [63-77666] |
| 035 ## - ДРУГИЕ СИСТЕМНЫЕ НОМЕРА | |
| Идентификатор записи | (NLR Aleph) 008301309 |
| 100 ## - ДАННЫЕ ОБЩЕЙ ОБРАБОТКИ | |
| Данные общей обработки | 20130416d1963 |||y0rusy50 ca |
| 101 0# - ЯЗЫК РЕСУРСА | |
| Язык текста, звукозаписи и т.д. | русский |
| 102 ## - СТРАНА ПУБЛИКАЦИИ ИЛИ ПРОИЗВОДСТВА | |
| Страна публикации | Российская Федерация |
| 105 ## - ПОЛЕ КОДИРОВАННЫХ ДАННЫХ: ТЕКСТОВЫЕ МАТЕРИАЛЫ, МОНОГРАФИЧЕСКИЕ | |
| Кодированные данные о монографическом текстовом документе | z |||a| |
| 200 1# - ЗАГЛАВИЕ И СВЕДЕНИЯ ОБ ОТВЕТСТВЕННОСТИ | |
| Основное заглавие | Братья Карамазовы |
| Сведения, относящиеся к заглавию | Роман в 4 ч. с эпилогом |
| Первые сведения об ответственности | [Вступ. статья Б.С. Рюрикова, с. 3-34 |
| Последующие сведения об ответственности | Ил.: А. Гончаров]. Т. 1-2 |
| 210 ## - ПУБЛИКАЦИЯ, РАСПРОСТРАНЕНИЕ И ДР. | |
| Место издания, распространения и т.д. | Москва |
| Имя издателя, распространителя и т. д. | Гослитиздат |
| Дата издания, распространения и т.д. | 1963 |
| 215 ## - ФИЗИЧЕСКАЯ ХАРАКТЕРИСТИКА | |
| Специфическое обозначение материала и объем | 2 т. |
| Размеры | 20 |
| 700 #1 - ИМЯ ЛИЦА - ПЕРВИЧНАЯ ОТВЕТСТВЕННОСТЬ | |
| Начальный элемент ввода | Достоевский |
| Часть имени, кроме начального элемента ввода | Ф. М. |
| Даты | 1821-1881 |
| Расширение инициалов личного имени | Федор Михайлович |
| Идентификатор авторитетной/нормативной записи | RU\NLR\auth\77838 |
| 702 #1 - ИМЯ ЛИЦА - ВТОРИЧНАЯ ОТВЕТСТВЕННОСТЬ | |
| Начальный элемент ввода | Рюриков |
| Часть имени, кроме начального элемента ввода | Б. С. |
| Код отношения | Автор введения, предисловия, примечания и т.п. |
| 702 #1 - ИМЯ ЛИЦА - ВТОРИЧНАЯ ОТВЕТСТВЕННОСТЬ | |
| Начальный элемент ввода | Гончаров |
| Часть имени, кроме начального элемента ввода | А. Д. |
| Дополнения к именам, кроме дат | художник |
| Даты | 1903-1979 |
| Расширение инициалов личного имени | Андрей Дмитриевич |
| Идентификатор авторитетной/нормативной записи | RU\NLR\AUTH\770193582 |
| Код отношения | Иллюстратор |
| 801 #0 - ИСТОЧНИК ЗАПИСИ | |
| Страна | Российская Федерация |
| Организация | NLR |
| Правила каталогизации | psbo |
| 801 #1 - ИСТОЧНИК ЗАПИСИ | |
| Страна | Российская Федерация |
| Организация | ELAR |
| Источник данных | rusmarc |
| 852 ## - МЕСТОНАХОЖДЕНИЕ И ШИФР ХРАНЕНИЯ | |
| Идентификатор организации | NLR |
| Шифр хранения (Call Number) | 63-3/5514 |
| 942 ## - ДОПОЛНИТЕЛЬНЫЕ ЭЛЕМЕНТЫ ЗАПИСИ (АБИС) | |
| Тип экземпляра АБИС | Книга |
| 980 ## - КОЛЛЕКЦИЯ | |
| Название коллекции | Национальная библиография |
Нет доступных экземпляров.